000 01093njm a22002897a 4500
005 20100901115333.0
006 a|||||r|||||00| 0
007 sd ammalaaahaa
008 100901t xxu||||| |||| 00| 0 eng d
028 _a3AEX. 5148
_bOdeon
035 _aGR-07858
040 _aSED
_cSED
100 _aMangeshkar, Lata
_917891
245 _aAakhri Khat /
_cby Lata Mangeshkar ; music by Khayyam lyric by KafiAzmi
_h[Sound recording]
246 _aआखरी ख़त / लता मंगेशकर
260 _aDUM DUM, India
_bOdeon
_c1967
300 _a1 Sound disc [Gramophone Recording] :
_banalog, 33 1/3 rpm
_c12 in. (LP)
_fGramophone Record
500 _aBrief record
500 _aRecord Labels : Odeon,Black
505 _aSide-1(Mere chanda mere nanhe) (Lata Mangeshkar)--Side-2 (Avoid) (Lata Mangeshkar)
600 _aMangeshkar, Lata
_921071
650 _aFilm Songs
_xExcerpts
_zIndia
_917892
700 _aKhayyam
_919099
700 _aKaifi Azmi
_921061
942 _2ddc
_cGR
999 _c47531
_d47531